Video Game Movies - Sudden Death - Statistics

General Stats
  • This quiz has been taken 230 times
    35 since last reset
  • The average score is 10 of 16
Answers on the Grid
Answers color-coded by a green-red scale on the quiz's grid according to % correct below.
Halo
Clash Royale
Flappy Bird
Tekken
Mortal Kombat
Minecraft
Fortnite
Roblox
GTA V
Sonic the Hedgehog
GTA IV
Super Smash Bros Ultimate
Angry Birds
Call Of Duty
Super Mario Bros.
Tomb Raider
Angry Birds 2
Plants vs. Zombies
Street Fighter
Legend Of Zelda
Splatoon
Five Nights at Freddy’s
Overwatch
Metroid
Shovel Knight
Pokémon
Tetris
2K
Uncharted
Crash Bandicoot
Tron
HOI 4
Assassin’s Creed
Persona 5
 
Answer Stats
Answer % Correct
Minecraft
92%
Mortal Kombat
85%
Sonic the Hedgehog
85%
Angry Birds
69%
Angry Birds 2
69%
Five Nights at Freddy’s
69%
Super Mario Bros.
69%
Tomb Raider
69%
Tron
69%
Pokémon
62%
Uncharted
54%
Street Fighter
46%
Tekken
46%
Assassin’s Creed
38%
Halo
31%
Tetris
8%
No matching quizzes found
Score Distribution
Percent of People with Each Score
Percentile by Number Answered
Your Score History
You have not taken this quiz since the last reset